[Event "Bangkok Big Rook op"]
[Site "Bangkok"]
[Date "2024.02.26"]
[Round "6"]
[White "Habla, Jony"]
[Black "Wiwatanadate, Poompong"]
[Result "1-0"]
[WhiteElo "2186"]
[BlackElo "1986"]
[PlyCount "53"]
[EventDate "2024.02.23"]
[EventType "swiss"]
[EventRounds "7"]
[EventCountry "THA"]
[SourceTitle "CB10_2024"]
[SourceDate "2024.03.06"]
[SourceVersion "1"]
[SourceVersionDate "2024.03.06"]
[SourceQuality "1"]

1. d4 Nf6 2. Nf3 e6 3. e3 b6 4. c4 Bb4+ 5. Nbd2 Ne4 6. Bd3 Bb7 7. 0-0 Bxd2 8. Nxd2 f5 9. f3 Nxd2 10. Bxd2 0-0 11. Qe2 Nc6 12. Bc3 a5 13. a3 a4 14. e4 f4 15. Rf2 Qg5 16. e5 Na5 17. Rd1 Nc6 18. Qe4 Qh6 19. Qe2 Rfe8 20. Be4 Rab8 21. Qc2 Ra8 22. d5 Ne7 23. Rfd2 exd5 24. cxd5 d6 25. Bb4 Rac8 26. Qxa4 Red8 27. Qa7 1-0

[Event "Bangkok Big Rook op"]
[Site "Bangkok"]
[Date "2024.02.23"]
[Round "1"]
[White "Wiwatanadate, Poompong"]
[Black "Vesaruchavit, Apivich"]
[Result "1-0"]
[WhiteElo "1986"]
[BlackElo "1311"]
[PlyCount "69"]
[EventDate "2024.02.23"]
[EventType "swiss"]
[EventRounds "7"]
[EventCountry "THA"]
[SourceTitle "CB10_2024"]
[SourceDate "2024.03.06"]
[SourceVersion "1"]
[SourceVersionDate "2024.03.06"]
[SourceQuality "1"]

1. e4 c6 2. d4 d5 3. exd5 cxd5 4. Bd3 Nf6 5. h3 Nc6 6. c3 e6 7. Nf3 h6 8. Bf4 Bd6 9. Bxd6 Qxd6 10. Qe2 0-0 11. 0-0 a6 12. a4 Bd7 13. Ne5 Rfc8 14. Nd2 Rab8 15. f4 Qe7 16. Rae1 Nxe5 17. fxe5 Nh7 18. Qh5 Rf8 19. a5 b6 20. axb6 Rxb6 21. b4 Bb5 22. Bxb5 axb5 23. Ra1 Rc6 24. Ra3 Rfc8 25. Qf3 Ng5 26. Qd3 Qd8 27. Rc1 R8c7 28. Nb3 Ne4 29. Nc5 Qg5 30. Rf1 Ng3 31. Re1 Nf5 32. Qxb5 Ng3 33. Qd3 Qf4 34. b5 Rb6 35. Ra8+ 1-0

[Event "Hong Kong op"]
[Site "Hong Kong"]
[Date "2023.12.29"]
[Round "9"]
[White "Li, Yucheng Robinson"]
[Black "Wiwatanadate, Poompong"]
[Result "0-1"]
[WhiteElo "1509"]
[BlackElo "1973"]
[PlyCount "66"]
[EventDate "2023.12.24"]
[EventType "swiss"]
[EventRounds "9"]
[EventCountry "HKG"]
[SourceTitle "CB01_2024"]
[SourceDate "2024.01.03"]
[SourceVersion "1"]
[SourceVersionDate "2024.01.03"]
[SourceQuality "1"]

1. e4 c5 2. g3 Nc6 3. Bg2 h5 4. h4 g6 5. Ne2 Bg7 6. c3 b6 7. d4 Ba6 8. Be3 Bxe2 9. Kxe2 Qc8 10. e5 Rb8 11. f4 cxd4 12. Bxd4 Nh6 13. Qd3 0-0 14. Nd2 d6 15. Qe4 dxe5 16. fxe5 Qa6+ 17. Ke1 Rbc8 18. Bh3 e6 19. Bf1 Qb7 20. Bh3 Qc7 21. Nf3 Nf5 22. Rg1 Ncxd4 23. cxd4 Qc2 24. Qxc2 Rxc2 25. Rg2 Rfc8 26. Rd1 Rxg2 27. Bxg2 Bh6 28. Bh3 Ne3 29. Rd3 Rc2 30. Rc3 Rxb2 31. Rc8+ Bf8 32. Ng5 Kg7 33. Rc7 Bb4+ 0-1

[Event "Hong Kong op"]
[Site "Hong Kong"]
[Date "2023.12.27"]
[Round "6"]
[White "Le Ruyet, Leopold"]
[Black "Wiwatanadate, Poompong"]
[Result "1-0"]
[WhiteElo "2245"]
[BlackElo "1973"]
[PlyCount "123"]
[EventDate "2023.12.24"]
[EventType "swiss"]
[EventRounds "9"]
[EventCountry "HKG"]
[SourceTitle "CB01_2024"]
[SourceDate "2024.01.03"]
[SourceVersion "1"]
[SourceVersionDate "2024.01.03"]
[SourceQuality "1"]

1. e4 c6 2. d4 d5 3. exd5 cxd5 4. Bd3 Nc6 5. c3 Qc7 6. h3 g6 7. Ne2 Bf5 8. Bxf5 gxf5 9. Nd2 e6 10. Nb3 Bd6 11. Bg5 h6 12. Bh4 Nce7 13. Qd3 Ng6 14. Bg3 f4 15. Bh2 Nf6 16. Qb5+ Qd7 17. Qxd7+ Kxd7 18. f3 Nh5 19. Kf2 Be7 20. Rhd1 Rhg8 21. Nbc1 Rg7 22. Nd3 Rag8 23. Rg1 Bd6 24. Rac1 Nh4 25. Ne1 f6 26. c4 dxc4 27. Rxc4 b5 28. Rc2 e5 29. dxe5 fxe5 30. g3 fxg3+ 31. Bxg3 Nf5 32. Bh2 Rxg1 33. Bxg1 Bc7 34. Rd2+ Ke7 35. Nc2 Bb6+ 36. Kf1 Bxg1 37. Nxg1 Nf4 38. Nb4 Ke6 39. Nd3 Nd5 40. Nc5+ Kd6 41. Ne4+ Kc6 42. Kf2 Nfe3 43. Ne2 Rg2+ 44. Ke1 Kb6 45. N2c3 Nc2+ 46. Rxc2 Rxc2 47. Nxd5+ Kb7 48. Nd6+ Kb8 49. Nxb5 Rxb2 50. Nbc3 Rh2 51. Nf6 Rxh3 52. Nd7+ Kc7 53. Nxe5 Kd6 54. Nc4+ Kc5 55. Nd2 Kb4 56. Ncb1 h5 57. Kf2 h4 58. Nf1 Kc4 59. Kg2 Rxf3 60. Kxf3 Kd3 61. Nfd2 Kc2 62. a3 1-0

[Event "Bangkok Rooky op"]
[Site "Bangkok"]
[Date "2023.10.23"]
[Round "7"]
[White "Wiwatanadate, Poompong"]
[Black "Chong, Hao Ern"]
[Result "1-0"]
[WhiteElo "1994"]
[BlackElo "1604"]
[PlyCount "55"]
[EventDate "2023.10.20"]
[EventType "swiss"]
[EventRounds "7"]
[EventCountry "THA"]
[SourceTitle "Mega2024 Update 01"]
[Source "Chessbase"]
[SourceDate "2023.11.12"]
[SourceVersion "1"]
[SourceVersionDate "2023.11.12"]
[SourceQuality "1"]

1. d4 Nf6 2. c4 e6 3. Nc3 Bb4 4. e3 0-0 5. Bd3 d5 6. Nf3 c5 7. 0-0 Nc6 8. a3 Bxc3 9. bxc3 b6 10. cxd5 exd5 11. h3 c4 12. Bc2 Re8 13. Nd2 b5 14. Re1 Be6 15. e4 dxe4 16. Nxe4 Nxe4 17. Bxe4 Bd5 18. Bxh7+ Kxh7 19. Qh5+ Kg8 20. Rxe8+ Qxe8 21. Qxd5 Ne7 22. Qf3 Rd8 23. Bd2 Nd5 24. Re1 Qf8 25. Re5 Qd6 26. Qg3 Qxa3 27. Bh6 g6 28. Qg5 1-0

[Event "Bangkok Rooky op"]
[Site "Bangkok"]
[Date "2023.10.20"]
[Round "1"]
[White "Osterhus, Omar Torbjorn"]
[Black "Wiwatanadate, Poompong"]
[Result "1/2-1/2"]
[WhiteElo "1371"]
[BlackElo "1994"]
[PlyCount "48"]
[EventDate "2023.10.20"]
[EventType "swiss"]
[EventRounds "7"]
[EventCountry "THA"]
[SourceTitle "Mega2024 Update 01"]
[Source "Chessbase"]
[SourceDate "2023.11.12"]
[SourceVersion "1"]
[SourceVersionDate "2023.11.12"]
[SourceQuality "1"]

1. e4 c5 2. Nf3 d6 3. Bb5+ Bd7 4. Bxd7+ Qxd7 5. c4 g6 6. d4 cxd4 7. Nxd4 Bg7 8. Nc3 Nf6 9. f3 0-0 10. Be3 Nc6 11. 0-0 a5 12. b3 Rfc8 13. Rc1 Qd8 14. Qd2 Nd7 15. Rfd1 Nc5 16. Qf2 Ne5 17. Qe2 h5 18. Ndb5 Qf8 19. Nd5 Ned7 20. Bg5 f6 21. Bd2 Ra6 22. Ndc7 Rc6 23. Nd5 Ra8 24. Ndc7 Rc8 1/2-1/2

[Event "Thailand op"]
[Site "Chiangmai"]
[Date "2023.06.29"]
[Round "3"]
[White "Zhang, Xiao"]
[Black "Wiwatanadate, Poompong"]
[Result "0-1"]
[WhiteElo "2147"]
[BlackElo "2007"]
[PlyCount "88"]
[EventDate "2023.06.28"]
[EventType "swiss"]
[EventRounds "9"]
[EventCountry "THA"]
[SourceTitle "CBM 215 Extra"]
[Source "ChessBase"]
[SourceDate "2023.09.30"]
[SourceVersion "1"]
[SourceVersionDate "2023.09.30"]
[SourceQuality "1"]

1. d4 Nf6 2. c4 c5 3. d5 b5 4. cxb5 a6 5. bxa6 g6 6. Nc3 Bg7 7. e4 0-0 8. Nf3 Qa5 9. a7 Nxe4 10. axb8Q Rxb8 11. Qd3 Nxc3 12. Bd2 Rxb2 13. Rc1 Rxd2 14. Qxd2 Qa3 15. Bc4 Ne4 16. Qc2 Qa5+ 17. Kf1 Nd6 18. Kg1 Nxc4 19. Qxc4 d6 20. h3 Ba6 21. Qe4 Qxa2 22. Qxe7 Qxd5 23. Kh2 Bd3 24. Qe3 Bb2 25. Rcd1 c4 26. Ne1 Qe5+ 27. Qxe5 Bxe5+ 28. g3 Be4 29. Rf1 Rb8 30. f4 Rb2+ 31. Kg1 Bf6 32. Rf2 c3 33. Kf1 d5 34. Re2 Bg7 35. Rc1 f5 36. Ra1 d4 37. Rd1 Bf6 38. Kf2 Kf7 39. Kf1 Rb1 40. Rxb1 Bxb1 41. Kg2 d3 42. Nxd3 Bxd3 43. Re3 Be4+ 44. Kf2 Bd4 0-1

[Event "Thailand op"]
[Site "Chiangmai"]
[Date "2023.06.28"]
[Round "1"]
[White "Wiwatanadate, Poompong"]
[Black "Mohammad Fahad, Rahman"]
[Result "0-1"]
[WhiteElo "2007"]
[BlackElo "2424"]
[PlyCount "66"]
[EventDate "2023.06.28"]
[EventType "swiss"]
[EventRounds "9"]
[EventCountry "THA"]
[SourceTitle "CBM 215 Extra"]
[Source "ChessBase"]
[SourceDate "2023.09.30"]
[SourceVersion "1"]
[SourceVersionDate "2023.09.30"]
[SourceQuality "1"]

1. d4 d5 2. Bf4 c5 3. e3 Nc6 4. Nf3 Nf6 5. c3 Qb6 6. Qb3 c4 7. Qc2 Bf5 8. Qc1 e6 9. Nbd2 Be7 10. Be2 h6 11. Bd1 0-0 12. Bc2 Qd8 13. h3 b5 14. g4 Bxc2 15. Qxc2 Nd7 16. e4 b4 17. Ne5 Ncxe5 18. dxe5 Nc5 19. 0-0 Nd3 20. Bh2 bxc3 21. bxc3 Bc5 22. Kg2 Rb8 23. Rab1 Rxb1 24. Qxb1 Qa5 25. exd5 Qxc3 26. Ne4 Qd4 27. Nxc5 Qxd5+ 28. f3 Qxc5 29. Qc2 Rb8 30. Bg1 Qxe5 31. Qxc4 Rb2+ 32. Bf2 Nf4+ 33. Kg3 Nh5+ 0-1

[Event "Bangkok Big Rook op"]
[Site "Bangkok"]
[Date "2023.05.07"]
[Round "7"]
[White "Salvador, Louie"]
[Black "Wiwatanadate, Poompong"]
[Result "1-0"]
[WhiteElo "2166"]
[BlackElo "2000"]
[PlyCount "69"]
[EventDate "2023.05.04"]
[EventType "swiss"]
[EventRounds "7"]
[EventCountry "THA"]
[SourceTitle "CBM 214 Extra"]
[Source "ChessBase"]
[SourceDate "2023.07.31"]
[SourceVersion "1"]
[SourceVersionDate "2023.07.31"]
[SourceQuality "1"]

1. e4 c5 2. Nf3 e6 3. d4 cxd4 4. Nxd4 a6 5. Bd3 Bc5 6. Nb3 Ba7 7. Qe2 Nc6 8. Nc3 d6 9. Be3 b5 10. Bxa7 Rxa7 11. Qe3 Rd7 12. 0-0-0 Ne5 13. f4 Nxd3+ 14. Rxd3 Nf6 15. Rhd1 0-0 16. a3 Bb7 17. Qe2 a5 18. Rd4 a4 19. Nd2 e5 20. fxe5 dxe5 21. Rxd7 Qxd7 22. Nf3 Qg4 23. Qxb5 Qxg2 24. Nd2 Bc8 25. Qxe5 Ng4 26. Qc5 Qxh2 27. Nd5 Be6 28. Ne7+ Kh8 29. Ng6+ hxg6 30. Qxf8+ Kh7 31. Qc5 f5 32. Qc6 Qe5 33. Kb1 f4 34. Nf3 Qf6 35. Rh1+ 1-0

[Event "THA-ch 46th"]
[Site "Bangkok"]
[Date "2023.04.16"]
[Round "9"]
[White "Wiwatanadate, Poompong"]
[Black "Mokawattana, Wongsathorn"]
[Result "1/2-1/2"]
[WhiteElo "2019"]
[BlackElo "1616"]
[PlyCount "131"]
[EventDate "2023.04.12"]
[EventType "swiss"]
[EventRounds "9"]
[EventCountry "THA"]
[SourceTitle "CBM 213 Extra"]
[Source "ChessBase"]
[SourceDate "2023.05.31"]
[SourceVersion "1"]
[SourceVersionDate "2023.05.31"]
[SourceQuality "1"]

1. c4 e5 2. Nc3 Nf6 3. Nf3 Nc6 4. e4 Bb4 5. d3 d6 6. a3 Bc5 7. b4 Bb6 8. Na4 Bg4 9. Nxb6 axb6 10. Bb2 0-0 11. Be2 Re8 12. 0-0 Nd7 13. h3 Bxf3 14. Bxf3 Nf8 15. Bg4 Ng6 16. g3 Nf8 17. b5 Nd4 18. f4 f6 19. Ra2 Nfe6 20. Bxe6+ Nxe6 21. f5 Nc5 22. Bc1 c6 23. bxc6 bxc6 24. Be3 d5 25. cxd5 cxd5 26. Bxc5 bxc5 27. Qb3 Rb8 28. Qxd5+ Qxd5 29. exd5 Red8 30. a4 Rxd5 31. Ra3 Rbd8 32. Rf3 Ra8 33. Kf2 Rd4 34. a5 Rb4 35. Ke3 Rb5 36. Rf1 Raxa5 37. Rfa1 Rxa3 38. Rxa3 h5 39. Ra7 Kh7 40. Rc7 Kh6 41. h4 Ra5 42. Rc6 Rb5 43. Rc8 Kh7 44. Kf3 Ra5 45. Rc7 Rb5 46. Ke3 Ra5 47. Rc6 Rb5 48. Rc8 Ra5 49. Rc6 Rb5 50. Kf3 Rb3 51. Ke3 Rb5 52. Rc7 Kh6 53. Rc6 Kh7 54. Rc8 Ra5 55. Kf3 Ra3 56. Ke3 Ra5 57. Rc6 Rb5 58. Rc7 Ra5 59. Kf3 Ra3 60. Ke3 Ra5 61. Rc8 Rb5 62. Kf3 Rb3 63. Ke3 Rb5 64. Rc6 Ra5 65. Rc8 Rb5 66. Ke4 1/2-1/2

[Event "Pattaya CAD op"]
[Site "Pattaya"]
[Date "2023.04.03"]
[Round "4"]
[White "Rajesh, Vasanthakumar"]
[Black "Wiwatanadate, Poompong"]
[Result "1-0"]
[WhiteElo "1809"]
[BlackElo "2019"]
[PlyCount "75"]
[EventDate "2023.04.01"]
[EventType "swiss"]
[EventRounds "7"]
[EventCountry "THA"]
[SourceTitle "CBM 213 Extra"]
[Source "ChessBase"]
[SourceDate "2023.05.31"]
[SourceVersion "1"]
[SourceVersionDate "2023.05.31"]
[SourceQuality "1"]

1. e4 e6 2. d4 d5 3. exd5 exd5 4. c4 Nf6 5. Nc3 Bb4 6. Bd3 0-0 7. Nge2 dxc4 8. Bxc4 h6 9. 0-0 Nc6 10. a3 Bd6 11. Nb5 Bg4 12. f3 Bf5 13. Nxd6 Qxd6 14. Bf4 Qd8 15. d5 Na5 16. Ba2 b6 17. Rc1 Rc8 18. Ng3 Bg6 19. b4 Nb7 20. Rc6 Nd6 21. Qd4 Nb5 22. Qb2 Nxd5 23. Rd1 Nxf4 24. Rxd8 Rfxd8 25. Rxg6 Rd1+ 26. Nf1 Rxf1+ 27. Kxf1 Nxg6 28. Qc2 Nh8 29. h4 Nd4 30. Qe4 c5 31. Bb1 Ng6 32. Qb7 Rc6 33. Be4 Rf6 34. bxc5 bxc5 35. Qc8+ Nf8 36. Qxc5 Nb3 37. Qc3 Rb6 38. Bd5 1-0

[Event "Pattaya CAD op"]
[Site "Pattaya"]
[Date "2023.04.01"]
[Round "2"]
[White "Sela, Prajak"]
[Black "Wiwatanadate, Poompong"]
[Result "1/2-1/2"]
[WhiteElo "1497"]
[BlackElo "2019"]
[PlyCount "208"]
[EventDate "2023.04.01"]
[EventType "swiss"]
[EventRounds "7"]
[EventCountry "THA"]
[SourceTitle "CBM 213 Extra"]
[Source "ChessBase"]
[SourceDate "2023.05.31"]
[SourceVersion "1"]
[SourceVersionDate "2023.05.31"]
[SourceQuality "1"]

1. d4 Nf6 2. c4 e6 3. Nf3 b6 4. g3 Ba6 5. Qc2 Bb4+ 6. Bd2 Be7 7. Bg2 Bb7 8. 0-0 Be4 9. Qb3 Nc6 10. e3 d5 11. Qb5 Qd7 12. Nc3 Bd3 13. Rfc1 Bxc4 14. Qa4 Nb4 15. Ne5 Qxa4 16. Nxa4 Nxa2 17. Rxc4 dxc4 18. Bxa8 Nb4 19. Bxb4 Bxb4 20. Bc6+ Ke7 21. Nxc4 a6 22. Nc3 a5 23. Ne5 Bd6 24. Nd3 Rd8 25. Nb5 Nd7 26. e4 Nb8 27. Rc1 Nxc6 28. Rxc6 Kd7 29. Rc1 c6 30. Na7 Ra8 31. Nxc6 b5 32. Nde5+ Ke8 33. Nd3 Kd7 34. d5 exd5 35. exd5 a4 36. Nc5+ Kc7 37. Nd4 Kb6 38. Nd7+ Ka5 39. Nc6+ Ka6 40. Nc5+ Bxc5 41. Rxc5 Kb6 42. Rc3 Re8 43. Kf1 Kc7 44. Re3 Ra8 45. Nb4 Kd6 46. Rc3 Rb8 47. Rc6+ Kd7 48. Ra6 Kc7 49. Ra7+ Kb6 50. Rxf7 Rg8 51. d6 Kc5 52. Nc2 Kxd6 53. Rf5 Rc8 54. Nd4 Rc1+ 55. Ke2 b4 56. Kd2 Rf1 57. Kc2 g6 58. Rf4 Kd5 59. Ne2 Kc5 60. h4 h6 61. Nc1 b3+ 62. Nxb3+ axb3+ 63. Kxb3 h5 64. Rf6 Kb5 65. Rxg6 Rxf2 66. Rg5+ Kb6 67. Rxh5 Rf3+ 68. Kb4 Rxg3 69. Rh8 Rg4+ 70. Kb3 Kb5 71. h5 Rg3+ 72. Ka2 Rh3 73. h6 Kb6 74. h7 Kb7 75. Kb1 Rh2 76. Ka2 Rh3 77. b3 Rh1 78. Kb2 Rh3 79. Kc2 Rh6 80. Kd3 Rh4 81. Ke3 Rh6 82. Kf4 Rh1 83. Kg5 Rg1+ 84. Kf6 Rf1+ 85. Ke6 Re1+ 86. Kd5 Rh1 87. Ke4 Re1+ 88. Kf3 Rh1 89. Kg2 Rh6 90. Kg3 Ka7 91. Kg4 Rh1 92. Kg5 Kb7 93. Kf6 Rf1+ 94. Ke6 Rh1 95. Kd5 Rh4 96. b4 Rh1 97. b5 Rd1+ 98. Kc5 Rh1 99. Kd5 Rh6 100. b6 Rh1 101. Ke5 Rh2 102. Kf6 Rh1 103. Kg7 Rg1+ 104. Kf7 Rf1+ 1/2-1/2

[Event "Penang op-A 14th"]
[Site "Penang"]
[Date "2022.12.23"]
[Round "7"]
[White "Wiwatanadate, Poompong"]
[Black "Rajasa, Muhammad Andi"]
[Result "1-0"]
[WhiteElo "2037"]
[BlackElo "1882"]
[PlyCount "55"]
[EventDate "2022.12.19"]
[EventType "swiss"]
[EventRounds "9"]
[EventCountry "MAS"]
[SourceTitle "CBM 211 Extra"]
[Source "ChessBase"]
[SourceDate "2023.01.31"]
[SourceVersion "1"]
[SourceVersionDate "2023.01.31"]
[SourceQuality "1"]

1. d4 d5 2. c4 c6 3. Nf3 Nf6 4. e3 e6 5. b3 Nbd7 6. Nbd2 Bd6 7. Bb2 0-0 8. Bd3 Re8 9. Ne5 c5 10. 0-0 b6 11. f4 Bb7 12. Qf3 cxd4 13. exd4 Bb4 14. Rad1 Bxd2 15. Rxd2 Ne4 16. Bxe4 dxe4 17. Qg3 f6 18. Ng4 h5 19. Nh6+ Kh7 20. f5 g5 21. Nf7 Qe7 22. fxe6 Qxe6 23. Qc7 e3 24. Re2 Bxg2 25. d5 Bxd5 26. cxd5 Qxd5 27. Nd6 Re7 28. Bxf6 1-0

[Event "Penang op-A 14th"]
[Site "Penang"]
[Date "2022.12.22"]
[Round "6"]
[White "Kavin, Mohan"]
[Black "Wiwatanadate, Poompong"]
[Result "0-1"]
[WhiteElo "1588"]
[BlackElo "2037"]
[PlyCount "62"]
[EventDate "2022.12.19"]
[EventType "swiss"]
[EventRounds "9"]
[EventCountry "MAS"]
[SourceTitle "CBM 211 Extra"]
[Source "ChessBase"]
[SourceDate "2023.01.31"]
[SourceVersion "1"]
[SourceVersionDate "2023.01.31"]
[SourceQuality "1"]

1. d4 Nf6 2. c4 c5 3. d5 b5 4. cxb5 a6 5. bxa6 g6 6. Nc3 Bg7 7. e4 0-0 8. Nf3 Qa5 9. Bd3 Nxd5 10. exd5 Bxc3+ 11. Nd2 Bg7 12. 0-0 Bxa6 13. Nc4 Qc7 14. Re1 e6 15. d6 Qa7 16. Qg4 Nc6 17. Bf4 Nb4 18. Bf1 Bxc4 19. Bxc4 Nc2 20. Rac1 Nxe1 21. Rxe1 Bxb2 22. Bh6 Bg7 23. Bxg7 Kxg7 24. Re3 Qb8 25. Qf4 Qb1+ 26. Bf1 Rxa2 27. Rh3 h5 28. Qe5+ f6 29. Qxc5 Ra1 30. Qc4 Rc8 31. Qe2 Rc1 0-1

[Event "Penang op-A 14th"]
[Site "Penang"]
[Date "2022.12.21"]
[Round "5"]
[White "Wiwatanadate, Poompong"]
[Black "Lim, Kian Guan"]
[Result "1-0"]
[WhiteElo "2037"]
[BlackElo "1469"]
[PlyCount "53"]
[EventDate "2022.12.19"]
[EventType "swiss"]
[EventRounds "9"]
[EventCountry "MAS"]
[SourceTitle "CBM 211 Extra"]
[Source "ChessBase"]
[SourceDate "2023.01.31"]
[SourceVersion "1"]
[SourceVersionDate "2023.01.31"]
[SourceQuality "1"]

1. e4 c6 2. d4 d5 3. e5 Bf5 4. Nf3 e6 5. Be2 c5 6. Be3 Qb6 7. Nc3 Nc6 8. Rb1 a6 9. 0-0 cxd4 10. Nxd4 Nxd4 11. Bxd4 Qc7 12. b4 Ne7 13. b5 a5 14. b6 Qc8 15. Nb5 Nc6 16. Nc7+ Kd7 17. Nxa8 Qxa8 18. Bb5 Be7 19. Rb3 a4 20. Re3 Qa5 21. c4 Qxb5 22. cxb5 Na5 23. Qxa4 Nc4 24. Rc3 Bd8 25. Rd1 Bc7 26. Rxc4 dxc4 27. bxc7 1-0

[Event "Penang op-A 14th"]
[Site "Penang"]
[Date "2022.12.20"]
[Round "2"]
[White "Theofilus, Kevin"]
[Black "Wiwatanadate, Poompong"]
[Result "1-0"]
[WhiteElo "1329"]
[BlackElo "2037"]
[PlyCount "63"]
[EventDate "2022.12.19"]
[EventType "swiss"]
[EventRounds "9"]
[EventCountry "MAS"]
[SourceTitle "CBM 211 Extra"]
[Source "ChessBase"]
[SourceDate "2023.01.31"]
[SourceVersion "1"]
[SourceVersionDate "2023.01.31"]
[SourceQuality "1"]

1. d4 f5 2. Bf4 g6 3. c4 Bg7 4. Nc3 Nf6 5. Qd2 d6 6. 0-0-0 0-0 7. h4 Qe8 8. f3 Nh5 9. Bh6 Bxh6 10. Qxh6 Ng3 11. Rh2 e5 12. Qg5 Nxf1 13. Rxf1 exd4 14. Nd5 Qf7 15. h5 Nc6 16. Nh3 Be6 17. Nhf4 Bxd5 18. hxg6 Qf6 19. Qh6 Qg7 20. gxh7+ Kf7 21. Qh5+ Kf6 22. cxd5 Ne7 23. Ne6 Qh8 24. Qg5+ Kf7 25. Rh6 Nxd5 26. Qxf5+ Nf6 27. Ng5+ Ke7 28. Qe6+ Kd8 29. Nf7+ Rxf7 30. Qxf7 Nd7 31. Qg8+ Ke7 32. Re6# 1-0

[Event "Phuket Blue Chevaliers op"]
[Site "Phuket"]
[Date "2022.07.13"]
[Round "5"]
[White "Muzzafar, Ahmad"]
[Black "Wiwatanadate, Poompong"]
[Result "1/2-1/2"]
[WhiteElo "1851"]
[BlackElo "2018"]
[PlyCount "78"]
[EventDate "2022.07.11"]
[EventType "swiss"]
[EventRounds "9"]
[EventCountry "THA"]
[SourceTitle "CBM 209 Extra"]
[Source "ChessBase"]
[SourceDate "2022.09.30"]
[SourceVersion "1"]
[SourceVersionDate "2022.09.30"]
[SourceQuality "1"]

1. e4 e5 2. Bc4 Nf6 3. d4 exd4 4. Nf3 Nc6 5. 0-0 Nxe4 6. Re1 d5 7. Bxd5 Qxd5 8. Nc3 Qa5 9. Nxe4 Be6 10. Bd2 Bb4 11. c3 dxc3 12. bxc3 Be7 13. Nfg5 Bxg5 14. Bxg5 0-0 15. Qf3 Qf5 16. Qe3 Bd5 17. Ng3 Qg6 18. Bf4 h5 19. h4 Qg4 20. Bxc7 Qxh4 21. Qc5 Be6 22. Qxh5 Qxh5 23. Nxh5 Rac8 24. Bg3 Na5 25. Be5 Rc5 26. Nxg7 Nc4 27. Nxe6 fxe6 28. Bd4 Rc6 29. Re4 Rf5 30. Rae1 Kf7 31. Bxa7 Ra5 32. Bd4 Rxa2 33. Rh4 e5 34. Bxe5 Nxe5 35. Rxe5 Rxc3 36. Rb5 Rc1+ 37. Kh2 Rc7 38. Rf5+ Kg6 39. Rf3 Kg5 1/2-1/2

[Event "Bangkok Olympiad Qual"]
[Site "Bangkok"]
[Date "2022.06.05"]
[Round "9"]
[White "Jingjang, Shin"]
[Black "Wiwatanadate, Poompong"]
[Result "1-0"]
[WhiteElo "1891"]
[BlackElo "2023"]
[PlyCount "49"]
[EventDate "2022.06.01"]
[EventType "tourn"]
[EventRounds "9"]
[EventCountry "THA"]
[SourceTitle "CBM 208 Extra"]
[Source "ChessBase"]
[SourceDate "2022.07.31"]
[SourceVersion "1"]
[SourceVersionDate "2022.07.31"]
[SourceQuality "1"]

1. d4 d5 2. Nf3 Nf6 3. Bf4 c5 4. c3 Nc6 5. e3 Qb6 6. Na3 Qxb2 7. Nb5 Ne4 8. Bg3 c4 9. Rb1 Qxa2 10. Nc7+ Kd8 11. Nxa8 Nxc3 12. Ra1 Qb2 13. Qc1 Qxc1+ 14. Rxc1 Ne4 15. Bxc4 Nxg3 16. hxg3 dxc4 17. d5 Bg4 18. dxc6 Bxf3 19. gxf3 Kc8 20. Rxc4 bxc6 21. Ke2 e6 22. Rb1 c5 23. Ra4 Bd6 24. Rxa7 h5 25. Rbb7 1-0

[Event "Bangkok Olympiad Qual"]
[Site "Bangkok"]
[Date "2022.06.02"]
[Round "3"]
[White "Wiwatanadate, Poompong"]
[Black "Pornariyasombat, Atippat"]
[Result "1-0"]
[WhiteElo "2023"]
[BlackElo "1963"]
[PlyCount "181"]
[EventDate "2022.06.01"]
[EventType "tourn"]
[EventRounds "9"]
[EventCountry "THA"]
[SourceTitle "CBM 208 Extra"]
[Source "ChessBase"]
[SourceDate "2022.07.31"]
[SourceVersion "1"]
[SourceVersionDate "2022.07.31"]
[SourceQuality "1"]

1. d4 g6 2. c4 Bg7 3. Nf3 c5 4. d5 d6 5. Nc3 Bxc3+ 6. bxc3 Qa5 7. Qc2 f5 8. h4 Nf6 9. Bh6 Nbd7 10. e3 Ng4 11. Bf4 Ndf6 12. Bd3 Bd7 13. a4 Nh5 14. Nd2 Nxf4 15. exf4 Nf6 16. 0-0 0-0-0 17. Nb3 Qa6 18. Rfe1 Rhe8 19. a5 e6 20. Bf1 exd5 21. Rxe8 Rxe8 22. cxd5 c4 23. Qd1 Qb5 24. Qd4 Qxd5 25. Bxc4 Qxd4 26. Nxd4 a6 27. g3 Ne4 28. Bd5 Nc5 29. Kf1 Kc7 30. Rb1 Rb8 31. Re1 Re8 32. f3 b6 33. axb6+ Kxb6 34. Rxe8 Bxe8 35. Ke2 a5 36. Kd2 Nd7 37. Kc2 Nf6 38. Be6 a4 39. g4 fxg4 40. fxg4 Kc5 41. g5 Nh5 42. f5 gxf5 43. Bxf5 Bg6 44. Kb2 Kc4 45. Be6+ d5 46. Nc6 Be4 47. Ne5+ Kc5 48. Bg4 Nf4 49. Ka3 Bc2 50. Kb2 Be4 51. Bd1 Kd6 52. Ng4 Ng6 53. h5 Nf4 54. Nf6 Bf5 55. Bxa4 Nd3+ 56. Ka3 Nc5 57. Be8 Ne6 58. g6 hxg6 59. Bxg6 Bxg6 60. hxg6 Ng7 61. Kb4 Ke6 62. Nh7 Ke5 63. Kc5 Ne6+ 64. Kc6 d4 65. cxd4+ Nxd4+ 66. Kd7 Nf5 67. Ke8 Ng7+ 68. Kf7 Nf5 69. Ke8 Ng7+ 70. Kf8 Nf5 71. Ke8 Ng7+ 72. Kf7 Nf5 73. Ng5 Nh6+ 74. Kg7 Nf5+ 75. Kh7 Kf6 76. Ne4+ Ke5 77. Nf2 Kf6 78. Ng4+ Kg5 79. Ne3 Ne7 80. g7 Kf4 81. Nc4 Ke4 82. Nd6+ Ke5 83. Nc8 Nd5 84. Kg6 Nf6 85. Kf7 Kf5 86. Nd6+ Ke5 87. Nc4+ Kf5 88. Ne3+ Ke5 89. Kf8 Nh7+ 90. Ke7 Nf6 91. Ng4+ 1-0

[Event "Bangkok Olympiad Qual"]
[Site "Bangkok"]
[Date "2022.06.01"]
[Round "2"]
[White "Saeheng, Boonsueb"]
[Black "Wiwatanadate, Poompong"]
[Result "1-0"]
[WhiteElo "2068"]
[BlackElo "2023"]
[PlyCount "113"]
[EventDate "2022.06.01"]
[EventType "tourn"]
[EventRounds "9"]
[EventCountry "THA"]
[SourceTitle "CBM 208 Extra"]
[Source "ChessBase"]
[SourceDate "2022.07.31"]
[SourceVersion "1"]
[SourceVersionDate "2022.07.31"]
[SourceQuality "1"]

1. d4 d5 2. c4 e6 3. Nc3 Nf6 4. Nf3 Be7 5. Bg5 c6 6. e3 Nbd7 7. Qc2 0-0 8. a3 b6 9. cxd5 Nxd5 10. Bxe7 Nxe7 11. Ne4 Bb7 12. Nfg5 h6 13. Nf3 c5 14. dxc5 Bxe4 15. Qxe4 Nxc5 16. Qc2 Rc8 17. Be2 Ng6 18. 0-0 Qf6 19. Rac1 e5 20. b4 Ne6 21. Qxc8 Rxc8 22. Rxc8+ Kh7 23. Bd3 Ng5 24. Nxg5+ Qxg5 25. f4 exf4 26. Rxf4 Qe5 27. Kf2 Qb2+ 28. Bc2 Qxa3 29. Rxf7 Qxb4 30. Rcc7 Qd2+ 31. Kf1 Qxe3 32. Rxg7+ Kh8 33. Rh7+ Kg8 34. Rcg7+ Kf8 35. Rf7+ Kg8 36. Bxg6 Qc1+ 37. Kf2 Qd2+ 38. Kg1 Qd4+ 39. Rf2 a5 40. Rhf7 b5 41. Kh1 a4 42. Bh7+ Kh8 43. Bb1 h5 44. Rf1 Qc4 45. Rh7+ Kg8 46. Rd1 Qh4 47. Ra7 Qf6 48. Rb7 h4 49. h3 a3 50. Rxb5 Qa6 51. Ba2+ Kh8 52. Rh5+ Kg7 53. Rg5+ Kh6 54. Re5 Kg7 55. Rd7+ Kf8 56. Rf7+ Kg8 57. Re8# 1-0